Normal view
MARC view
Entry Personal Name
001 - CONTROL NUMBER
- control field: 1192995
003 - CONTROL NUMBER IDENTIFIER
- control field:
005 - DATE AND TIME OF LATEST TRANSACTION
- control field: 20210629051435.0
008 - FIXED-LENGTH DATA ELEMENTS
- fixed length control field: 210629|| aca||aabn | a|a d
040 ## - CATALOGING SOURCE
- Original cataloging agency:
- Transcribing agency:
100 ## - HEADING--PERSONAL NAME
- Personal name: Weston, Donald,
- Titles and other words associated with a name: respondent
670 ## - SOURCE DATA FOUND
- Source citation: Work cat.: ()1247541: Weston, Donald, respondent, Mr. Justice Fletchers Judgement in the Midnapur damage suit /, 1912
